| 000 | 01094cam a2200349Ia 4500 | ||
|---|---|---|---|
| 001 | 91330 | ||
| 005 | 20230410132708.0 | ||
| 008 | 900308s1989 sp 000 0 spa d | ||
| 035 | _a(OCoLC)ocm21188394 | ||
| 040 |
_aPBR _cPBR _dBAKER _dYDXCP |
||
| 020 | _a8472232484 | ||
| 020 | _a9788472232488 | ||
| 035 | _a(OCoLC)21188394 | ||
| 041 | 1 |
_aspa _hger |
|
| 050 | 1 | 4 |
_aPT 2607 _bD965g 1989 |
| 049 | _aGRAL | ||
| 100 | 1 | _aDúrrenmatt, Friedrich. | |
| 245 | 1 | 0 |
_aGriego busca griega / _cFriedrich Dúrrenmatt ; traducción de Juan José del Solar. |
| 250 | _a3a ed. | ||
| 260 |
_aBarcelona : _bTusquets, _c1989. |
||
| 300 |
_a174 p. ; _c21 cm. |
||
| 440 | 0 |
_aColección andanzas ; _v48 |
|
| 500 | _aTraducido del idioma original : Grieche sucht Griechin. | ||
| 650 | 4 | _aCES | |
| 650 | 4 | _aColección Enriquillo Sánchez. | |
| 700 | 1 |
_aDúrrenmatt, Friedrich. _tGriego busca griega. |
|
| 938 |
_aBaker & Taylor _bBKTY _c16.95 _d12.71 _i8472232484 _n0006055438 _sactive |
||
| 938 |
_aYBP Library Services _bYANK _n2663213 |
||
| 942 |
_2lcc _cbk |
||
| 946 | _amjcruz | ||
| 994 |
_aC0 _bDRFGD |
||
| 999 |
_c86053 _d86053 |
||